000 01071nas a2200265 454500
001 35581
005 20260407193509.0
008 260407s1984####ag###########|||spa#d
003 AR-UNSa-BCEJYS
040 _aAR-UNSa-BCEJYS
_bspa
_cAR-UNSa-BCEJYS
080 _a001
_xCiencia y conocimiento en general. Organización del trabajo intelectual
245 1 0 _aBoletín de la secretaría de ciencia y técnica
264 1 _aBuenos Aires :
_bCONICET
_c1984
505 _aFerecuencia: Cuatrimestral Cambia de título a partir del Nº 13 año 1987 Cambia de Director a partir del Año 4, Nº 12 por Rebeca Cherep de Guber
041 _aspa
942 _cSER
590 _aniveau_biblio:s niveau_hierar:1
100 1 _aArgentina. Ministerio de Educación y Justicia. Secretaría de Ciencia y Técnica (SECYT)
700 1 _aLores Arnaiz, M.R.
650 _aInvestigación
650 _aInvestigación y desarrollo
650 _aTecnología
650 _aCiencia
856 4 1 _uhttps://biblioeco.unsa.edu.ar/pmb//images/revistas/bltinSecCsTg.jpg
_yImagen de portada
_qimage/jpeg
999 _c8769
_d8769